[Event "Belgrade Premier League"]
[Site "Belgrade SCG"]
[Date "2005.10.06"]
[Round "6"]
[White "Pavlovic,Drago"]
[Black "Katanic Vujic,P"]
[Result "1/2-1/2"]
[WhiteElo "2242"]
[BlackElo "2298"]

1.d4 Nf6 2.c4 g6 3.Nf3 Bg7 4.g3 O-O 5.Bg2 d6 6.O-O Nc6 7.Nc3 Bg4 8.d5 Na5
9.Qd3 c5 10.h3 Bd7 11.Nd2 e5 12.Rb1 Nh5 13.a3 b6 14.b4 Nb7 15.e4 f5 16.Nb3 Qf6
17.bxc5 Nxc5 18.Nxc5 bxc5 19.exf5 gxf5 20.Qe2 Be8 21.Bd2 Bg6 22.Rb7 Rf7 23.Rfb1 f4
24.Rb8+ Rf8 25.Rxa8 Rxa8 26.Ne4 Bxe4 27.Bxe4 fxg3 28.Bxh7+ Kh8 29.fxg3 Nxg3
30.Qg4 Kxh7 31.Qxg3 Bh6 32.Rf1 Qe7 33.Bxh6 Rg8 34.Bg5 Rxg5 35.Rf7+ Qxf7 36.Qxg5 Qg6
37.Qxg6+ Kxg6 38.Kg2 Kh5 39.Kg3 Kg5 40.h4+ Kh5 41.Kh3 e4 42.Kg3 e3 43.Kf3 Kxh4
44.Kxe3 Kg4 45.a4 Kg5 46.a5 a6 47.Kf3  1/2-1/2

[Event "Open A"]
[Site "Hamburg GER"]
[Date "2005.10.06"]
[Round "6"]
[White "Conrad,C"]
[Black "Baczinski,W"]
[Result "1/2-1/2"]
[WhiteElo "2220"]
[BlackElo "2007"]

1.d4 Nf6 2.Nf3 g6 3.c4 Bg7 4.g3 O-O 5.Bg2 d6 6.O-O Nc6 7.Nc3 Rb8 8.h3 a6
9.e4 Bd7 10.e5 Ne8 11.Qe2 b5 12.b3 Na5 13.c5 b4 14.Ne4 Bb5 15.Qe3 Bxf1 16.Bxf1 Nc6
17.Bb2 Qc8 18.cxd6 cxd6 19.Rc1 Qb7 20.h4 Qb6 21.Qg5 dxe5 22.dxe5 Nc7 23.Nc5 Ne6
24.Nxe6 fxe6 25.Qg4 Rf5 26.Bd3 Nxe5 27.Bxe5 Rxf3 28.Qxf3 Bxe5 29.Rc6 Qd4
30.Bxa6 Rf8 31.Rc8 Rxc8 32.Bxc8 Qd6 33.h5 Kg7 34.hxg6 hxg6 35.Bb7 Bd4 36.Be4 Qe5
37.Kg2  1/2-1/2

[Event "Open A"]
[Site "Hamburg GER"]
[Date "2005.10.07"]
[Round "5"]
[White "Schmidt,Ha"]
[Black "Piepho,N"]
[Result "1/2-1/2"]
[WhiteElo "2368"]
[BlackElo "2230"]

1.c4 Nf6 2.g3 g6 3.Bg2 Bg7 4.Nf3 d6 5.d4 O-O 6.O-O Nc6 7.Nc3 a6 8.Qc2 Rb8
9.Rd1 Bd7 10.c5 dxc5 11.dxc5 Qc8 12.Bf4 Re8 13.Ne5 Nxe5 14.Bxe5 Ng4 15.Bxg7 Kxg7
16.Rd2 Nf6 17.Rad1 c6 18.Qa4 Qc7 19.Qd4 Be6 20.b3 Rbd8 21.Qe3 Rxd2 22.Qxd2 Qe5
23.Qd4 Qxd4 24.Rxd4 Kf8 25.Ne4 Nxe4 26.Bxe4 Bc8 27.f4 f6 28.Kf2 Kf7 29.Bd3 e5
30.Rd6 Bg4 31.h4 Re7 32.Bc4+ Be6 33.Rxe6 Rxe6 34.e4 f5 35.exf5 gxf5 36.g4 Ke7
37.g5 e4 38.Ke3 Kd7 39.h5 Re7 40.h6 Ke8 41.b4 Kf8 42.a3 Re8 43.Ke2 Ke7 44.Bb3 Rd8
45.Bc4 Re8  1/2-1/2

[Event "Open A"]
[Site "Hamburg GER"]
[Date "2005.10.07"]
[Round "5"]
[White "Kempinski,R"]
[Black "Dembo,Y"]
[Result "1-0"]
[WhiteElo "2619"]
[BlackElo "2441"]

1.d4 Nf6 2.c4 g6 3.g3 Bg7 4.Bg2 O-O 5.Nf3 d6 6.O-O Nc6 7.Nc3 a6 8.e3 Na5
9.b3 c5 10.dxc5 dxc5 11.Qxd8 Rxd8 12.Ba3 b6 13.Rad1 Rd6 14.e4 Rxd1 15.Rxd1 Bb7
16.e5 Ng4 17.Na4 Rb8 18.Nxb6 Bxf3 19.Bxf3 Nxe5 20.Be4 Rxb6 21.Rd8+ Bf8 22.Bxc5 Rb7
23.Bxb7 Nxb7 24.Rc8 Nxc5 25.Rxc5 Nd3 26.Rd5 Nb4 27.Ra5 e5 28.a3 Nd3 29.b4  1-0

[Event "Open A"]
[Site "Hamburg GER"]
[Date "2005.10.07"]
[Round "7"]
[White "Gorse,G"]
[Black "Jordan,Ju"]
[Result "1/2-1/2"]
[WhiteElo "2022"]
[BlackElo "2142"]

1.d4 Nf6 2.c4 g6 3.g3 Bg7 4.Bg2 O-O 5.Nf3 d6 6.O-O Nbd7 7.Qc2 c5 8.Rd1 Rb8
9.Nc3 a6 10.a4 Qc7 11.d5 b6 12.h3 Ne5 13.Nxe5 dxe5 14.e4 Nh5 15.Qe2 Qd6 16.Be3 Bd7
17.Rac1 Be8 18.Bf3 Nf6 19.Bg2 Nd7 20.f4 Bh6 21.f5 Bxe3+ 22.Qxe3 Nf6 23.g4 b5
24.cxb5 axb5 25.b3 bxa4 26.Nxa4 Bxa4 27.bxa4 Rfc8 28.Bf1 Rb4 29.Rc4 Qb6 30.Rdc1 Nd7
31.Rxb4 Qxb4 32.Bb5 Nb6 33.Ra1 Ra8 34.Bc6 Ra7 35.Rc1 Ra5 36.Qd3 c4 37.Qc3 Qc5+
38.Kg2 f6 39.Ra1 Ra7 40.a5 Nc8 41.Kf3 Nd6 42.Qe3 Qb4 43.Ra4 Qb1 44.Qxa7 Qxe4+
45.Kf2 Qc2+ 46.Kg1 Qb1+ 47.Kg2 Qe4+  1/2-1/2

[Event "Autumn 5"]
[Site "Alushta UKR"]
[Date "2005.10.08"]
[Round "3"]
[White "Danielian,E"]
[Black "Alexikov,A"]
[Result "1/2-1/2"]
[WhiteElo "2433"]
[BlackElo "2382"]

1.d4 Nf6 2.Nf3 g6 3.c4 Bg7 4.g3 O-O 5.Bg2 d6 6.O-O Nbd7 7.Nc3 e5 8.h3 c6
9.e4 Qb6 10.Re1 exd4 11.Nxd4 Ne8 12.Nce2 a5 13.Rb1 Ne5 14.b3 Nxc4 15.Bg5 Na3
16.Rc1 Nf6 17.e5 dxe5 18.Nxc6 Be6 19.Be3 Qa6 20.Qd6 bxc6 21.Rxc6 Qb5 22.Qxa3 Rac8
23.Qc5 Qxc5 24.Rxc5 Rxc5 25.Bxc5 Rc8 26.Rc1 Bh6 27.Be3 Bxe3 28.Rxc8+ Bxc8
29.fxe3 Kf8 30.Nc3 Be6 31.Nb5 Ke7 32.Kf2 Bd7 33.Na3 Be6 34.Nb5  1/2-1/2

[Event "Open A"]
[Site "Hamburg GER"]
[Date "2005.10.09"]
[Round "9"]
[White "De Andres Gonalons,F"]
[Black "Piepho,N"]
[Result "1/2-1/2"]
[WhiteElo "2071"]
[BlackElo "2230"]

1.d4 Nf6 2.c4 g6 3.g3 Bg7 4.Bg2 d6 5.Nf3 O-O 6.O-O Nc6 7.Nc3 a6 8.Bg5 h6
9.Bxf6 Bxf6 10.h3 Rb8 11.Rc1 Bd7 12.Qd2 Bg7 13.Rfd1 b5 14.cxb5 axb5 15.e4 b4
16.Nd5 e6 17.Ne3 Rb5 18.d5 Na5 19.Nd4 Rb6 20.b3 Qb8 21.Rc2 Rc8 22.dxe6 fxe6
23.f4 Nc6 24.Nf3 Ne7 25.Kh2 Kh7 26.Nc4 Ra6 27.Bf1 Ra7 28.Bd3 Rf8 29.Qe3 Qb7
30.Rf2 Raa8 31.Rdf1 Qa7 32.Qd2 Qc5 33.Rc1 Bc3 34.Qc2 Rf7 35.Rcf1 Raf8 36.a4 Kg7
37.Qe2 Nc6 38.Kg2 e5 39.f5 gxf5 40.Nh4 fxe4 41.Rxf7+ Rxf7 42.Rxf7+ Kxf7 43.Qxe4 Ne7
44.Qh7+ Ke8 45.Qh8+ Kf7 46.Qh7+  1/2-1/2

[Event "Open A"]
[Site "Hamburg GER"]
[Date "2005.10.09"]
[Round "9"]
[White "Reefschlaeger,H"]
[Black "Tochtrop,M"]
[Result "1-0"]
[WhiteElo "2314"]
[BlackElo "2154"]

1.d4 Nf6 2.c4 g6 3.Nf3 Bg7 4.g3 O-O 5.Bg2 d6 6.O-O Nc6 7.Nc3 Bd7 8.e4 e5
9.d5 Ne7 10.Ne1 Qc8 11.Nd3 Bh3 12.f4 Bxg2 13.Kxg2 exf4 14.gxf4 Qg4+ 15.Qxg4 Nxg4
16.Re1 Bxc3 17.bxc3 f6 18.c5 f5 19.h3 Nf6 20.e5 Ne4 21.c4 Nc8 22.Be3 b6 23.c6 Re8
24.h4 Ne7 25.a4 a6 26.Nf2 b5 27.Nxe4 fxe4 28.exd6 cxd6 29.axb5 axb5 30.Rxa8 Rxa8
31.cxb5 Ra2+ 32.Kf1 Nxd5 33.b6 Rb2 34.c7 Ne7 35.Bd4  1-0

[Event "Autumn 5"]
[Site "Alushta UKR"]
[Date "2005.10.10"]
[Round "5"]
[White "Khurtsidze,N"]
[Black "Kovalev,An"]
[Result "1/2-1/2"]
[WhiteElo "2434"]
[BlackElo "2546"]

1.d4 Nf6 2.c4 g6 3.Nf3 Bg7 4.g3 O-O 5.Bg2 d6 6.Nc3 Nc6 7.O-O a6 8.b3 Rb8
9.Nd5 Ne4 10.Bb2 Bd7 11.Rc1 f5 12.Nd2 Nxd2 13.Qxd2 e6 14.Nf4 Ne7 15.Rfe1 Qe8
16.e4 g5 17.Nh3 h6 18.f4 g4 19.Nf2 Qf7 20.c5 Bc6 21.cxd6 cxd6 22.d5 Bxb2
23.Qxb2 exd5 24.exf5 h5 25.Nd1 Nxf5 26.Ne3 Rbe8 27.Nxf5 Qxf5 28.Qd4 h4 29.Red1 Rf7
30.Rd2 Rfe7 31.Bxd5+ Bxd5 32.Qxd5+ Qxd5 33.Rxd5 h3 34.Rxd6 Re2 35.Rg6+ Kf7
36.Rxg4 Rg2+ 37.Kf1 Rxh2 38.Rc7+ Kf6 39.Rh4 Ree2 40.Rxh3 Ref2+ 41.Ke1 Re2+
42.Kd1 Rd2+ 43.Kc1 Rxh3 44.Kxd2 Rxg3 45.Kc1 Rg2 46.a4 b5 47.axb5 axb5 48.Rc5 Rf2
49.Rxb5 Rxf4 50.Kb2 Ke6 51.Rc5 Kd6 52.Rc3 Rf7 53.Rc4 Rc7 54.Rxc7 Kxc7 55.Kc3 Kb7
56.Kd4 Kb6 57.Kc4 Kc6  1/2-1/2

[Event "Goodbye Summer Open"]
[Site "Omis CRO"]
[Date "2005.10.11"]
[Round "2"]
[White "Lalic,B"]
[Black "Armanda,I"]
[Result "1-0"]
[WhiteElo "2490"]
[BlackElo "2343"]

1.d4 Nf6 2.c4 g6 3.Nf3 Bg7 4.g3 O-O 5.Bg2 d6 6.O-O c5 7.d5 a6 8.a4 e5 9.Nc3 h6
10.e4 Bg4 11.h3 Bxf3 12.Bxf3 Nbd7 13.Kg2 b6 14.h4 h5 15.Bd2 Rb8 16.Qe2 Kh7
17.Rfb1 Ng8 18.Ra3 Bh6 19.Be1 f5 20.a5 bxa5 21.Nd1 Rb7 22.Rxa5 Nb8 23.Ra3 f4
24.b4 g5 25.hxg5 Qxg5 26.Bxh5 Nf6 27.Bf3 Rg8 28.Rab3 fxg3 29.fxg3 Nbd7 30.bxc5 Rxb3
31.Rxb3 Nxc5 32.Rb6 Rd8 33.Bf2 a5 34.Nc3 Bf8 35.Rb1 Bh6 36.Nb5 a4 37.Nxd6 Rxd6
38.Bxc5 Ra6 39.Rb7+ Kh8 40.Ba3 Ng8 41.d6  1-0

[Event "Autumn 5"]
[Site "Alushta UKR"]
[Date "2005.10.13"]
[Round "9"]
[White "Khurtsidze,N"]
[Black "Golubev,M"]
[Result "1/2-1/2"]
[WhiteElo "2434"]
[BlackElo "2517"]

1.d4 Nf6 2.c4 g6 3.Nf3 Bg7 4.g3 O-O 5.Bg2 d6 6.Nc3 Nbd7 7.O-O e5 8.h3 a6
9.Rb1 Re8 10.e4 b5 11.cxb5 axb5 12.b4 Bb7 13.Re1 d5 14.exd5 Nxd5 15.Nxd5 Bxd5
16.dxe5 Nxe5 17.Nxe5 Bxg2 18.Qxd8 Raxd8 19.Kxg2 Bxe5 20.Bb2 Bd6 21.a3 Rxe1
22.Rxe1 f5 23.g4 Kf7 24.Kf3 fxg4+ 25.hxg4 h5 26.Rh1 Rf8 27.gxh5 gxh5 28.Ke3 Kg6
29.Rg1+ Kf5 30.Rh1 Kg6 31.Rg1+ Kh7 32.Bd4 Ra8 33.Rg5 Rxa3+ 34.Ke4 h4 35.Rxb5 h3
36.f4 Rb3 37.Rh5+ Kg6 38.Rg5+ Kf7 39.Bc5 Bxc5 40.bxc5 c6 41.Rh5 Kg6 42.Rh8 Kf6
43.Rh6+ Kg7 44.Rh4 Kf6 45.Rh6+ Kg7 46.Rh4 Kf6  1/2-1/2

[Event "Autumn 5"]
[Site "Alushta UKR"]
[Date "2005.10.15"]
[Round "11"]
[White "Danielian,E"]
[Black "Loskutov,O"]
[Result "1/2-1/2"]
[WhiteElo "2433"]
[BlackElo "2426"]

1.d4 Nf6 2.Nf3 g6 3.c4 Bg7 4.g3 O-O 5.Bg2 d6 6.O-O Nc6 7.Nc3 a6 8.Qd3 Nd7
9.e4 e5 10.Bg5 f6 11.Be3 exd4 12.Nxd4 Nde5 13.Qe2 Nxd4 14.Bxd4 Bg4 15.f3 Be6
16.b3 f5 17.exf5 Nxf3+ 18.Qxf3 Bxd4+ 19.Kh1 Rxf5 20.Qxb7 Bxc3 21.Qxa8 Qxa8
22.Bxa8 Bxa1 23.Rxa1 Rf2 24.Kg1 Rb2 25.Bf3 Bf7 26.Re1 Rxa2 27.Re7 Rb2 28.Rxc7 Rxb3
29.Kf2 Rc3 30.Rc6 Rxc4 31.Rxa6 d5 32.Rd6 Kf8 33.h4 Ke7 34.Ra6 h5 35.Ra7+ Ke8
36.Ra8+ Kd7 37.Ra7+ Rc7 38.Rxc7+ Kxc7 39.Ke3 Kd6 40.Kd4 Be6  1/2-1/2

[Event "TCh-NED 2005-6"]
[Site "Netherlands NED"]
[Date "2005.10.15"]
[Round "2"]
[White "Kabatianski,A"]
[Black "Van der Weide,K"]
[Result "1/2-1/2"]
[WhiteElo "2436"]
[BlackElo "2464"]

1.d4 Nf6 2.Nf3 g6 3.c4 Bg7 4.g3 O-O 5.Bg2 d6 6.O-O Nc6 7.Nc3 a6 8.h3 Rb8
9.Be3 Bd7 10.Rc1 e6 11.d5 Ne7 12.dxe6 Bxe6 13.b3 Re8 14.Qd2 Bd7 15.Bg5 Bc6
16.Qd3 h6 17.Bd2 Nd7 18.b4 Bxf3 19.exf3 Ne5 20.Qe2 N7c6 21.Nd5 Nd4 22.Qd1 Nd3
23.Rb1 Ne5 24.Ne3 b5 25.cxb5 axb5 26.Bc1 c5 27.Kh1 Nc4 28.f4 Nxe3 29.fxe3 Nf5
30.Qf3 Qb6 31.e4 Nd4 32.Qf2 Qa6 33.bxc5 dxc5 34.e5 f6 35.exf6 Bxf6 36.Be3 Re7
37.Qd2 Rbe8 38.Rfe1 Kg7 39.Bxd4 Bxd4 40.Rxe7+ Rxe7 41.Bf1 Qc6+ 42.Kh2 b4
43.Re1 Rxe1 44.Qxe1 Qd5 45.Qe7+  1/2-1/2

[Event "Goodbye Summer Open"]
[Site "Omis CRO"]
[Date "2005.10.16"]
[Round "9"]
[White "Sutkovic,D"]
[Black "Armanda,I"]
[Result "0-1"]
[WhiteElo "2301"]
[BlackElo "2343"]

1.d4 Nf6 2.Nf3 g6 3.c4 Bg7 4.g3 O-O 5.Bg2 d6 6.O-O Nc6 7.Nc3 Bf5 8.Ne1 Na5
9.e4 Bd7 10.Qe2 c5 11.d5 e6 12.Nc2 exd5 13.Nxd5 Nxd5 14.exd5 Re8 15.Ne3 a6
16.Bd2 b5 17.b3 bxc4 18.bxc4 Bxa1 19.Rxa1 Qf6 20.Rb1 Bf5 21.Rb6 Qa1+ 22.Bf1 Qxa2
23.Bc3 Qa4 24.Qf3 Rxe3 25.Qxe3 Nxc4 26.Qf4 Nxb6 27.Qh6 f6  0-1

[Event "Independence Day Women"]
[Site "Sheki AZE"]
[Date "2005.10.16"]
[Round "2"]
[White "Bogza,A"]
[Black "Umudova,N"]
[Result "0-1"]
[WhiteElo "2295"]
[BlackElo "2101"]

1.d4 Nf6 2.Nf3 g6 3.g3 Bg7 4.Bg2 O-O 5.c4 d6 6.Nc3 c5 7.d5 e6 8.O-O exd5
9.cxd5 Re8 10.Nd2 Nbd7 11.a4 b6 12.a5 bxa5 13.Nc4 Nb6 14.Nxa5 a6 15.e4 Bd7
16.Re1 Qc7 17.h3 Rab8 18.f4 h5 19.Kh2 Nh7 20.Nc6 Bxc6 21.dxc6 Qxc6 22.Rxa6 Qb7
23.Ra2 Qd7 24.Bf1 Qe6 25.Ra6 h4 26.gxh4 Nf6 27.Bg2 Qc4 28.Qe2 Qb4 29.Bf1 Nh5
30.Bd2 Qd4 31.Nb5 Qf6 32.Nc7 Red8 33.Qf2 Qxb2 34.Re2 Nc4 35.Be1 Qc1 36.Rc2 Qd1
37.Bxc4 Rb1 38.Re2 Bc3 39.Nd5 Bxe1 40.Rxe1 Qxe1 41.Qg2 Qc1 42.Nf6+ Kf8 43.Nxh5 Qxc4  0-1

[Event "SCG First League m"]
[Site "Vrnjacka Banja SCG"]
[Date "2005.10.18"]
[Round "2"]
[White "Drasko,M"]
[Black "Djukic,Ni"]
[Result "1/2-1/2"]
[WhiteElo "2528"]
[BlackElo "2537"]

1.d4 Nf6 2.c4 g6 3.Nf3 Bg7 4.g3 O-O 5.Bg2 d6 6.O-O Nc6 7.Nc3 a6 8.Bd2 Bg4
9.d5 Na5 10.b3 c5 11.dxc6 Nxc6 12.Be3 Qa5 13.Rc1 Qh5 14.Qd2 Bh3 15.Nd5 Bxg2
16.Nxf6+ Bxf6 17.Kxg2 Rac8 18.Rfd1 Qf5 19.Bb6  1/2-1/2

[Event "SCG First League m"]
[Site "Vrnjacka Banja SCG"]
[Date "2005.10.18"]
[Round "2"]
[White "Lekic,D"]
[Black "Nataf,IA"]
[Result "0-1"]
[WhiteElo "2352"]
[BlackElo "2564"]

1.d4 Nf6 2.c4 g6 3.Nf3 Bg7 4.g3 O-O 5.Bg2 d6 6.O-O Nbd7 7.Nc3 e5 8.e4 exd4
9.Nxd4 Re8 10.h3 Nc5 11.Re1 Bd7 12.Rb1 h6 13.Kh2 a6 14.b4 Ne6 15.Nb3 Ng4+
16.hxg4 Bxc3 17.Bd2 Bg7 18.Qc1 Ng5 19.f3 f5 20.exf5 Rxe1 21.Qxe1 gxf5 22.f4 Nf7
23.Bc3 fxg4 24.Bxg7 Kxg7 25.Bxb7 Rb8 26.Qc3+ Qf6 27.Qxf6+ Kxf6 28.Na5 Re8
29.Rb2 Re1 30.c5 Bb5 31.Bc6 h5 32.a4 Bd3 33.Rd2 Be4 34.Bxe4 Rxe4 35.cxd6 Nxd6
36.Nc6 Nf5 37.Nb8 Re3 38.Rg2 Nd4 39.Rb2 h4 40.gxh4 Rh3+ 41.Kg2 Nf3  0-1

[Event "SCG First League m"]
[Site "Vrnjacka Banja SCG"]
[Date "2005.10.19"]
[Round "3"]
[White "Blagojevic,D"]
[Black "Tadic,B"]
[Result "1-0"]
[WhiteElo "2541"]
[BlackElo "2510"]

1.d4 Nf6 2.c4 g6 3.Nf3 Bg7 4.g3 O-O 5.Bg2 d6 6.O-O Nc6 7.Nc3 e5 8.d5 Ne7
9.e4 Nd7 10.Ne1 f5 11.Nd3 h6 12.f4 fxe4 13.Nxe4 Nf5 14.Kh1 Kh7 15.Bd2 exf4
16.Bxf4 Qe7 17.Re1 Qf7 18.Rf1 Qe7 19.Qc2 g5 20.Bd2 Nd4 21.Qd1 Ne5 22.Rxf8 Qxf8
23.Nxe5 dxe5 24.Qh5 Kg8 25.Rf1 Qe7 26.Nxg5 Bd7 27.Nf7 Rf8 28.Nxh6+ Bxh6 29.Bxh6 Rxf1+
30.Bxf1 Qh7 31.Qg5+ Kf7 32.Qxe5  1-0

[Event "SCG First League m"]
[Site "Vrnjacka Banja SCG"]
[Date "2005.10.20"]
[Round "4"]
[White "Efimenko,Z"]
[Black "Popadic,Dr"]
[Result "1-0"]
[WhiteElo "2637"]
[BlackElo "2287"]

1.d4 Nf6 2.c4 g6 3.Nf3 Bg7 4.g3 d6 5.Bg2 O-O 6.O-O Nc6 7.Nc3 Bd7 8.b3 a6
9.Bb2 Rb8 10.e3 b5 11.Nd2 e6 12.Rc1 b4 13.Ne2 Ne7 14.Qc2 Ne8 15.Rfd1 Nf5
16.e4 Nh6 17.e5 Nf5 18.Ne4 Bh6 19.Ra1 Qe7 20.Nc1 Bg7 21.Nd3 f6 22.exd6 Nexd6
23.Nec5 Bc8 24.Re1 Nf7 25.Nxe6 Bxe6 26.Nf4 Qd6 27.Nxe6 Rfe8 28.c5 Qd7 29.Qc4 a5
30.Qd5 Qc8 31.Re2 Ne7 32.Qc4 c6 33.Rae1 Qd7 34.Nxg7 Kxg7 35.Qe6 Qc7 36.Qg4 Kf8
37.Qh4 Ng5 38.d5 Nxd5 39.Qh6+ Kf7 40.h4 Rxe2 41.Rxe2 Ne6 42.Qxh7+ Ng7 43.Bh3 Kf8
44.Qxg6 Qf7 45.Qxf7+ Kxf7 46.Bd7 Ne7 47.Rd2 Rb5 48.Rd6 Ne8 49.Be6+ Kf8 50.Rd8 Rxc5
51.Bxf6 Nd5 52.Bxd5 cxd5 53.h5 Kf7 54.Bd4  1-0

[Event "Jababeka Women"]
[Site "Jakarta INA"]
[Date "2005.10.22"]
[Round "3"]
[White "Alexandria,N"]
[Black "Khegai,A"]
[Result "1-0"]
[WhiteElo "2323"]
[BlackElo "2243"]

1.d4 Nf6 2.c4 g6 3.Nf3 Bg7 4.g3 O-O 5.Bg2 d6 6.O-O c6 7.Nc3 Nbd7 8.Qc2 Qc7
9.b3 e5 10.Rd1 exd4 11.Nxd4 Nc5 12.Bf4 Rd8 13.b4 Ne6 14.Nxe6 fxe6 15.c5 e5
16.cxd6 Rxd6 17.Bg5 Bf5 18.e4 Bg4 19.Rxd6 Qxd6 20.h3 Be6 21.a3 a5 22.bxa5 Rxa5
23.a4 Nd7 24.Qb2 Qc7 25.Rb1 Nc5 26.Rd1 Ra8 27.Bf1 Nb3 28.Nd5 Bxd5 29.exd5 Nd4
30.Bg2 Rxa4 31.dxc6 bxc6 32.h4 Ra8 33.Kh1 Rb8 34.Qc3 Kh8 35.Be4 Qc8 36.Kg2 Qg4
37.Re1 Qd7 38.Ra1 Rf8 39.Ra6 Qg4 40.Qe3 Nf5 41.Qd3 c5 42.Ra7 Nd6 43.f3 Qe6
44.Bd5 Qc8 45.Be7 Qb8 46.Bxf8 Qb2+ 47.Kh3 Bxf8 48.Ra8 Kg7 49.Ra7+ Kf6 50.Be4 Qc1
51.Ra2 Qh1+ 52.Rh2 Qg1 53.g4 c4 54.Qd2 h6 55.Bd5 Qd4 56.Kg3 Qg1+ 57.Rg2 Qd4
58.g5+ Ke7 59.Be4 Nxe4+ 60.fxe4 Qxe4 61.Re2 Qf5 62.Qb4+ Ke8 63.Qb8+ Kd7 64.Rd2+ Kc6
65.Qa8+ Kc7 66.Qa7+ Kc8 67.Rf2 Qd3+ 68.Rf3  1-0

[Event "TCh-BEL 2005-6"]
[Site "Belgium BEL"]
[Date "2005.10.23"]
[Round "2"]
[White "Pucher,O"]
[Black "Maes,W"]
[Result "0-1"]
[WhiteElo "2279"]
[BlackElo "2267"]

1.d4 Nf6 2.c4 g6 3.Nf3 Bg7 4.g3 O-O 5.Bg2 d6 6.O-O Nc6 7.d5 Na5 8.Nfd2 c5
9.Nc3 a6 10.Rb1 Rb8 11.b3 b5 12.Bb2 h5 13.h4 bxc4 14.bxc4 e5 15.Qc2 Bh6 16.Ba1 Bf5
17.e4 Bd7 18.Rxb8 Qxb8 19.Ncb1 Ng4 20.Bc3 Qc7 21.Qb2 Nb7 22.Na3 f5 23.Rb1 Bc8
24.exf5 gxf5 25.Nc2 Qe7 26.Re1 f4 27.Ne4 Bf5 28.Re2 Bg6 29.Ne1 fxg3 30.fxg3 Ne3
31.Ng5 Nf5 32.Kh2 Bxg5 33.hxg5 Qxg5 34.Qxb7 Qxg3+ 35.Kg1 Qxc3 36.Nf3 Ng3
37.Rf2 Qe3 38.Qe7 Ne4 39.Qe6+ Bf7 40.Qe7 Nxf2  0-1

[Event "Jababeka Women"]
[Site "Jakarta INA"]
[Date "2005.10.26"]
[Round "9"]
[White "Roslina,M"]
[Black "Hui,S"]
[Result "0-1"]
[WhiteElo "2016"]
[BlackElo "2005"]

1.d4 Nf6 2.Nf3 g6 3.g3 Bg7 4.Bg2 d6 5.c4 O-O 6.O-O Nbd7 7.Nc3 e5 8.e4 exd4
9.Nxd4 Nc5 10.Re1 Re8 11.h3 a5 12.Kh2 c6 13.Rb1 a4 14.Bf4 Nh5 15.Be3 Qa5
16.Nde2 Nf6 17.Qc2 Nfd7 18.f4 f5 19.Nd4 Nxe4 20.Nxe4 fxe4 21.Bd2 Qb6 22.Ne2 d5
23.cxd5 cxd5 24.Bc3 d4 25.Bxd4 Bxd4 26.Qc4+ Kh8 27.Nxd4 Nf6 28.Qc3 Bd7 29.Ne2 Rac8
30.Qd2 e3 31.Qd4 Qe6 32.Nc3 Rc4 33.Qa7 Rb4 34.Qc5 Rc4 35.Qa5 Rd4 36.Qg5 Rd2
37.Re2 Ne4 38.Bxe4 Rxe2+ 39.Nxe2 Qxe4 40.Qf6+ Kg8 41.Rg1 Bc6 42.Qc3 Qf3 43.Qe1 Qf2+  0-1

[Event "Open A"]
[Site "Liberec CZE"]
[Date "2005.10.26"]
[Round "6"]
[White "Trichkov,V"]
[Black "Pakosta,M"]
[Result "1-0"]
[WhiteElo "2333"]
[BlackElo "2177"]

1.d4 Nf6 2.Nf3 g6 3.g3 Bg7 4.Bg2 O-O 5.c4 d6 6.O-O Nbd7 7.Qc2 c6 8.Rd1 Qc7
9.e4 e5 10.h3 Re8 11.Be3 exd4 12.Nxd4 Nc5 13.Nc3 Qe7 14.f3 d5 15.cxd5 cxd5
16.Bg5 Qf8 17.Bxf6 Bxf6 18.Nxd5 Bd8 19.Rac1 Na6 20.Qb3 Qd6 21.f4 Nc5 22.Qc2 Ne6
23.Nb5 Qa6 24.Nd6 Rf8 25.Qb3 Nd4 26.Rxd4 Qxd6 27.e5 Qa6 28.Ra4 Qe6 29.Rac4 b5
30.Rc6 Qd7 31.Rd6 Qf5 32.Rxd8  1-0

[Event "5th Rohde Open"]
[Site "Sautron FRA"]
[Date "2005.10.27"]
[Round "6"]
[White "Maiorov,N"]
[Black "Shirazi,K"]
[Result "1-0"]
[WhiteElo "2492"]
[BlackElo "2419"]

1.d4 d6 2.Nf3 Nf6 3.c4 g6 4.g3 Bg7 5.Bg2 O-O 6.O-O Nc6 7.d5 Na5 8.Nfd2 c5
9.a3 e6 10.b4 Nxc4 11.Nxc4 exd5 12.Nb2 a5 13.bxc5 dxc5 14.Nc3 Be6 15.Bg5 h6
16.Bxf6 Bxf6 17.Rc1 b5 18.Nd3 b4 19.axb4 c4 20.Nf4 Bxc3 21.Rxc3 axb4 22.Re3 Ra6
23.Qb1 d4 24.Nxe6 Qd6 25.Nxd4 Qxd4 26.Qxb4 Rb6 27.Qc3 Qc5 28.Re5 Qc7 29.Re4 Rc8
30.Rc1 Rc6 31.Rd4 Rc5 32.Bd5 Qe5 33.Rxc4  1-0

[Event "TCh-HUN 2005-6"]
[Site "Hungary HUN"]
[Date "2005.10.30"]
[Round "2"]
[White "Horvath,And"]
[Black "Ballai,Z"]
[Result "1-0"]
[WhiteElo "2339"]
[BlackElo "2306"]

1.d4 Nf6 2.c4 g6 3.Nf3 Bg7 4.g3 O-O 5.Bg2 d6 6.O-O Nc6 7.Nc3 Rb8 8.h3 a6
9.e4 b5 10.e5 dxe5 11.dxe5 Qxd1 12.Rxd1 Nd7 13.e6 fxe6 14.cxb5 axb5 15.Bf4 Nde5
16.Nxe5 Nxe5 17.Rac1 Bb7 18.Ne4 Bd5 19.Rxc7 Rbc8 20.Rxe7 Rf7 21.Rxf7 Nxf7
22.b3 Rc2 23.Rd2 Rc1+ 24.Kh2 Rc8 25.Nd6 Nxd6 26.Bxd6 Bxg2 27.Kxg2 Ra8 28.Re2 Kf7
29.Be5 Bf8 30.Rc2 Ke8 31.g4 Be7 32.Kf3 Kd7 33.Ke4 Ke8 34.Bg3 Kd7 35.Rd2+ Ke8
36.f3 Rc8 37.Bf4 Ra8 38.Re2 Kd7 39.Be5 Ke8 40.Bd4 Kd7 41.Be5 Ke8 42.f4 Kd7
43.g5 Ke8 44.h4 b4 45.Rh2 Bf8 46.h5 Rc8 47.hxg6 hxg6 48.Rh8 Kd7 49.Rg8 Ra8
50.Rxg6 Rxa2 51.Rg8 Bc5 52.g6 Re2+ 53.Kd3  1-0

[Event "25th An FMA"]
[Site "Madrid ESP"]
[Date "2005.10.30"]
[Round "2"]
[White "Serrano Salvador,E"]
[Black "Asis Gargatagli,H"]
[Result "1/2-1/2"]
[WhiteElo "2348"]
[BlackElo "2381"]

1.d4 Nf6 2.Nf3 g6 3.c4 Bg7 4.g3 O-O 5.Bg2 d6 6.Nc3 Nbd7 7.O-O e5 8.h3 a6
9.e4 b5 10.cxb5 axb5 11.b4 c5 12.dxc5 dxc5 13.Rb1 Bb7 14.Re1 Qe7 15.Qb3 Rfc8
16.a3 c4 17.Qc2 Bc6 18.Bb2 Nb6 19.Rbd1 Rd8 20.Nxe5 Qxe5 21.Nd5 Qxb2 22.Ne7+ Kf8
23.Rxd8+ Rxd8 24.Qxb2 Ng8 25.Nxg6+ hxg6 26.Qc1 Ne7 27.Qf4 Na4 28.Qc7 Rc8
29.Qd6 Nb2 30.f4 c3 31.Rc1 Nc4 32.Qd3 Nb2 33.Qd6 Nc4 34.Qd3 Nb2  1/2-1/2

[Event "25th An FMA"]
[Site "Madrid ESP"]
[Date "2005.11.02"]
[Round "7"]
[White "Elissalt Cardenas,H"]
[Black "Martinez Martin,D"]
[Result "0-1"]
[WhiteElo "2327"]
[BlackElo "2379"]

1.d4 Nf6 2.Nf3 g6 3.c4 Bg7 4.g3 O-O 5.Bg2 d6 6.O-O Nc6 7.Nc3 Rb8 8.h3 a6
9.a3 Na5 10.b3 b5 11.cxb5 axb5 12.b4 Nc4 13.Qb3 c6 14.Nd2 Be6 15.Nxc4 Bxc4
16.Qc2 Qb6 17.Rd1 Nd5 18.Bb2 f5 19.e3 g5 20.Bf3 Rf6 21.Nb1 Rbf8 22.Nd2 g4
23.Bh1 f4 24.Nxc4 bxc4 25.exf4 Nxf4 26.gxf4 Rxf4 27.Qxc4+ d5 28.Qe2 gxh3
29.Qe6+ Kh8 30.f3 h2+ 31.Kxh2 Qb8 32.Kg1 Rh4 33.Rd2 Qg3+ 34.Rg2 Qxf3 35.Qxe7 Rg4
36.Rxg4 Qf2+  0-1

[Event "Autumn Open"]
[Site "St Petersburg RUS"]
[Date "2005.11.05"]
[Round "8"]
[White "Novikov,MiV"]
[Black "Akatova,E"]
[Result "0-1"]
[WhiteElo "2370"]
[BlackElo "2151"]

1.d4 Nf6 2.Nf3 g6 3.c4 Bg7 4.g3 O-O 5.Bg2 d6 6.O-O Nbd7 7.Nc3 e5 8.Qc2 c6
9.e4 exd4 10.Nxd4 Ng4 11.Nce2 Nc5 12.f3 Ne5 13.Be3 a5 14.Rad1 Qe7 15.b3 Rd8
16.Kh1 h5 17.Qd2 a4 18.Nc3 axb3 19.axb3 Ra3 20.Nb1 Ra1 21.Nc2 Nxb3 22.Qb4 Rxb1
23.Rxb1 Nc5 24.Rbd1 Be6 25.Bxc5 dxc5 26.Rxd8+ Qxd8 27.Qxc5 Bxc4 28.Rb1 Qd3
29.Rc1 b5 30.Qe3 b4 31.Bf1 Qxe3 32.Nxe3 Ba2 33.f4 b3 34.Nd1 Ng4 35.Rxc6 Bb1
36.Rc8+ Kh7 37.Bc4 Bxe4+ 38.Kg1 b2 39.Nxb2 Bxb2 40.Bxf7 Bd4+ 41.Kf1 Nxh2+
42.Ke2 Bg7 43.Bg8+ Kh6 44.Rd8 Ng4 45.Bd5 Bf5 46.Rd6 Nf6 47.Kf3 Nxd5 48.Rxd5 Bf6
49.Ra5 Kg7 50.Ra7+ Kf8 51.Ke3 Ke8 52.Rb7 Kf8 53.Ra7 Bc3 54.Rc7 Be1 55.Kf3 Bg4+
56.Kg2 Ba5 57.Ra7 Be1 58.Rc7 Bb4 59.Kf2 Bd6 60.Rb7 Bc5+ 61.Kg2 Be7 62.Kf2 Kf7
63.Ke3 Ke6 64.Rb6+ Kd5 65.Rxg6 Bc5+ 66.Kd2 Ke4 67.Rg8 Bb4+ 68.Kc2 Kf3 69.f5 Be7
70.Rg7 Bxf5+ 71.Kd2 Bb4+ 72.Kd1  0-1

[Event "Autumn Open"]
[Site "St Petersburg RUS"]
[Date "2005.11.05"]
[Round "8"]
[White "Khatenever,F"]
[Black "Gavriushov,A"]
[Result "0-1"]
[WhiteElo "2049"]
[BlackElo "2183"]

1.d4 g6 2.c4 Bg7 3.Nf3 Nf6 4.g3 d6 5.Bg2 O-O 6.Nc3 Nc6 7.O-O e5 8.dxe5 Nxe5
9.Nxe5 dxe5 10.Qxd8 Rxd8 11.Bg5 Rd4 12.b3 c6 13.Be3 Rd8 14.Rad1 Rxd1 15.Rxd1 Be6
16.h3 h6 17.Na4 Nd7 18.Nc5 Nxc5 19.Bxc5 Bf8 20.Be3 f6 21.a4 h5 22.a5 a6 23.Bb6 Kf7
24.Kh2 Ke8 25.Be4 f5 26.Bc2 Rc8 27.g4 Be7 28.gxf5 gxf5 29.Rg1 Kf7 30.e4 f4
31.Bd1 Rh8 32.Be2 Kf6 33.Rb1 Bb4 34.Rd1 Ke7 35.Bc7 Bc5 36.Bxe5 Rg8 37.Bd4 Bd6
38.Bf3 Bg4 39.Rd3 Bxf3 40.Rxf3 Ke6 41.Kh1 Bc7 42.Bc3 Rd8 43.Kg2 Rd1 44.Bg7 Re1
45.e5 Bxe5 46.Bxe5 Kxe5 47.Rd3 Rb1 48.Kf3 Rb2 49.Kg2 Ke4 50.Rc3 Ra2 51.c5 Rxa5
52.Rc4+ Ke5 53.Kf3 Rb5 54.Re4+ Kd5 55.Kxf4 Kxc5 56.Rc4+ Kd5 57.Rc3 Ke6 58.Re3+ Kf6
59.Rd3 Rb4+ 60.Ke3 Ke5 61.f3 h4 62.Kd2 Rd4 63.b4 Rxd3+ 64.Kxd3 Kf4 65.Ke2 b6  0-1

[Event "FSIMB November"]
[Site "Budapest HUN"]
[Date "2005.11.10"]
[Round "6"]
[White "Ignacz,M"]
[Black "Galyas,M"]
[Result "1/2-1/2"]
[WhiteElo "2286"]
[BlackElo "2424"]

1.d4 Nf6 2.c4 g6 3.Nf3 Bg7 4.g3 O-O 5.Bg2 d6 6.O-O Nbd7 7.Nc3 e5 8.e4 exd4
9.Nxd4 Re8 10.h3 a6 11.Re1 Rb8 12.Rb1 Qe7 13.b3 c5 14.Nc2 b5 15.Ne3 Qf8 16.Bb2 Re6
17.Qc2 Bb7 18.cxb5 axb5 19.Nxb5 Bxe4  1/2-1/2